| 000 | 00908nam a22002417a 4500 | ||
|---|---|---|---|
| 003 | 0 | ||
| 005 | 20250830140212.0 | ||
| 008 | 250830b xxu||||| |||| 00| 0 eng d | ||
| 020 | _a978-1-394-26644-9 | ||
| 050 |
_aLB 1028 _b.T57 2025 |
||
| 100 |
_aTisdell, Elizabeth J., _eauthor. |
||
| 245 |
_aQualitative research : _ba guide to design and implementation / _cElizabeth J. Tisdell, Sharan B. Merriam, and Heather L. Stuckey-Peyrot. |
||
| 250 | _aFifth edition. | ||
| 260 |
_aHoboken, New Jersey : _bJohn Wiley & Sons, Inc., _c2025. |
||
| 300 |
_axxvii, 420 pages : _billustrations ; _c23 cm. |
||
| 504 | _aIncludes bibliographical references and index. | ||
| 650 |
_aEducation _xResearch _xMethodology. |
||
| 650 |
_aEducation _xResearch _xCase studies. |
||
| 650 | _aQualitative research. | ||
| 700 |
_aMerriam, Sharan B., _eauthor. |
||
| 700 |
_aStuckey-Peyrot, Heather L., _eauthor. |
||
| 942 |
_2lcc _cBK |
||
| 999 |
_c367722 _d367722 |
||